000 01851nam a2200217Ia 4500
999 _c43512
_d43512
005 20240530103928.0
008 140319s1990 ua a 000 0 ara d
017 _bمصر. دار الكتب
040 _aGCL /
_cGCL
082 0 4 _a953.071
_bد م
_221
110 0 _aدار الكتاب المصرى
245 1 2 _aالمكتبة الاندلسية /
_cدار الكتاب المصرى
260 _aالقاهرة :
_bدار الكتاب المصرى،
_c1990
300 _a18 مج ؛
_c24 سم
490 _aالمكتبة الاندلسية
_v0
500 _aالمجلد الاول : اخبار مجموعة المجلد الثالث : تاريخ علماء الاندلس جزء 1 المجلد الرابع : تاريخ علماء الاندلس جزء 2 المجلد الخامس : تاريخ علماء الاندلس جزء 3 المجلد السادس : قضاة قرطبة المجلد السابع : جذوة المقتبس فى تاريخ علماء الاندلس جزء 1 المجلد الثامن : جذوة المقتبس فى تاريخ علماء الاندلس جزء 2 المجلد الحادى عشر : الصلة جزء 1 المجلد الثانى عشر : الصلة جزء 2 المجلد الثالث عشر : الصلة جزء 3 المجلد الرابع عشر : بغية الملتمس فى تاريخ رجال اهل الاندلس جزء 1 المجلد الخامس عشر : بغية الملتمس فى تاريخ رجال اهل الاندلس جزء 2 المجلد السادس عشر : المعجم فى اصحاب القاضى الصدفى المجلد السابع عشر : المقتضب من كتاب تحفة القادم المجلد الثامن عشر :التكملة لكتاب الصلة
650 0 4 _aالقضاء
_2qrmak
650 0 4 _aقرطبة
_2qrmak
651 _2qrmak
942 _2ddc
_cBK